000 00768nam a2200265Ia 4500
003 OSt
005 20220918182314.0
006 a|||||r|||| 00| 0
007 ta
008 220917b |||||||| |||| 00| 0 eng d
024 _a31,797
037 _cTextual
040 _aARTS
_cARTS
_beng
041 _2eng
_aeng
082 _aO111,1K33:g, L1
100 _aDillon Wentworth
_959996
245 0 _aEssay on translated verse 1685 and Horace's art of poetry made english
250 _a2nd
260 _aMenston
_bScolar Press UK
_c1971
300 _a32p.
_ccm.
500 _aOriginally published in 1685
650 _aENGLISH LITERATURE; CRITICISM
_912992
942 _hO111,1K33:g, L1
_cTEXL
_2CC
999 _c168483
_d168483